Les branches de l'Islam - Statistiques

Statistiques générales
  • Ce quiz a été pris 125 fois
  • Le résultat moyen est 6 sur 23
Statistiques - réponses
Branches % Correct
Chiisme
98%
Sunnisme
96%
Soufisme
40%
Salafisme
37%
Malikisme
36%
Ibadisme
33%
Hanbalisme
28%
Wahhabisme
28%
Hanafisme
26%
Chafiisme
23%
Alaouisme
22%
Alévisme
22%
Druze
22%
Ismaélisme
13%
Kharidjisme
12%
Duodécimains
11%
Ahmadisme
9%
Zaydisme
5%
Deobandi
4%
Qadiriyya
1%
Chadhiliyya
0%
Mevleviyya
0%
Naqshbandiyya
0%
Aucun quiz correspondant
Distribution des résultats
% des personnes avec chaque résultat
Percentile par nombre de réponses
Votre historique - résultats
Vous n’avez pas pris ce quiz